発行部数が1億5000万部越えのマンガ - サドンデス - Statistics

General Stats
  • This quiz has been taken 294 times
  • The average score is 3 of 8
Answers on the Grid
Answers color-coded by a green-red scale on the quiz's grid according to % correct below.
BLEACH
HUNTER×HUNTER
NARUTO
ONE PIECE
SLUMDUNK
こち亀
はじめの一歩
るろうに剣心
キャプテン翼
キングダム
キン肉マン
ゴルゴ13
サザエさん
ジョジョの奇妙な冒険
タッチ
ドラえもん
ドラゴンボール
バガボンド
バキ
三国志
僕のヒーローアカデミア
北斗の拳
名探偵コナン
呪術廻戦
美味しんぼ
進撃の巨人
金田一少年の事件簿
鉄腕アトム
鋼の錬金術師
鬼滅の刃
 
Answer Stats
Answer % Correct
ONE PIECE
69%
NARUTO
48%
こち亀
46%
ドラゴンボール
46%
名探偵コナン
43%
ゴルゴ13
34%
SLUMDUNK
29%
鬼滅の刃
27%
No matching quizzes found
Score Distribution
Percent of People with Each Score
Percentile by Number Answered
Your Score History
You have not taken this quiz